000 00756nam a2200253Ia 4500
003 OSt
005 20220926015856.0
006 a|||||r|||| 00| 0
007 ta
008 220923b |||||||| |||| 00| 0 eng d
020 _a0275230500
037 _cGeneral Book
040 _aRTL
_cRTL
_beng
041 _2eng
_aeng
082 _aX9(F55):75.41.N7, L6
100 _aSmil Vaclav
_9286933
245 0 _aChina's energy
_b Achievements, problems, prospects
260 _aNew York
_bPraeger U S A
_c1986
300 _axxi,246p.
_ccm.
490 _aPraeger Special Studies In International Economics And Development
650 _aFuel
942 _hX9(F55):75.41.N7, L6
_cGB
_2CC
999 _c632712
_d632712